| 000 | 00766nam a2200205 a 4500 | ||
|---|---|---|---|
| 001 | 16689 | ||
| 005 | 20180713205704.0 | ||
| 008 | 140415s1991 sp 000 0 spa d | ||
| 020 | _a8474902746 | ||
| 041 | _aspa | ||
| 082 |
_a111 _bROV |
||
| 100 | 1 | _aROVIRA, ROGELIO | |
| 245 | 1 | 3 |
_aLA FUGA DEL NO SER : _bEL ARGUMENTO ONTOLOGICO DE LA EXISTENCIA DE DIOS Y LOS PROBLEMAS DE LA METAFISICA |
| 250 | _a1a ed. | ||
| 260 |
_aESPAÑA : _bEDICIONES ENCUENTRO, _c1991 |
||
| 300 |
_a207 _c15 x 1.6 x 23 |
||
| 490 | _aENSAYOS | ||
| 520 | _aESTE LIBRO SE PRESENTA COMO UNA INTRODUCCIÓN A LOS PROBLEMAS CAPITALES DE LA METAFÍSICA, QUE TOMA COMO HILO CONDUCTOR EL EXAMEN DEL ARGUMENTO ONTOLÓGICO DE LA EXISTENCIA DE DIOS. | ||
| 650 | 1 | 4 |
_aDIOS _xONTOLOGIA |
| 999 |
_c16689 _d16689 |
||